| 000 | 00000nam##2200000za#4500 |
| 001 | 9.615754 |
| 003 | CaOODSP |
| 005 | 20210615101254 |
| 007 | ta |
| 008 | 150406|2001||||xxc||||| f|0| 0 eng|d |
| 020 | |a0-662-31035-7 |
| 040 | |aCaOODSP|beng |
| 043 | |an-cn--- |
| 086 | 1 |aH113-6/2001-4E |
| 110 | 1 |aCanada. |bPest Management Regulatory Agency. |
| 245 | 10|aDifenoconazole Fungicide |
| 260 | |aOttawa - Ontario : |bHealth Canada. |c2001. |
| 300 | |a3p. ; |c28 cm. |
| 490 | 1 |aRegulatory decision document |vRDD 2001-04 |
| 500 | |a"This decision document outlines this stage of the PMRA's regulatory decision-making process concerning the use of difenoconazole products for the control of certain seed-borne, soil-borne and foliar diseases of spring and winter wheat."--Introduction. |
| 520 | 3 |aThis decision document outlines this stage of the PMRA's regulatory decision-making process concerning the use of difenoconazole products for the control of certain seed-borne, soil-borne and foliar diseases of spring and winter wheat.--Introduction |
| 563 | |aSoftcover |
| 590 | |a01-38|b2001-09-21 |
| 690 | 07|aPesticides|2gcpds |
| 775 | 08|tFongicide difenoconazole |w(CaOODSP)9.625778 |
| 776 | 0#|tDifenoconazole fungicide |w(CaOODSP)9.557955 |
| 830 | #0|aRegulatory decision document ;|vRDD 2001-04|w(CaOODSP)9.514701 |